[Event "4th HD Bank Cup 2014"]
[Site "Ho Chi Minh City VIE"]
[Date "2014.03.12"]
[Round "5.23"]
[White "Yeoh, Li Tian"]
[Black "Tong, Thai Hung"]
[Result "1-0"]
[WhiteElo "2320"]
[BlackElo "2151"]
[WhiteFideId "5702895"]
[BlackFideId "12403555"]
[EventDate "2014.03.10"]

1. e4 c5 2. c3 d5 3. exd5 Qxd5 4. d4 e6 5. Nf3 Nf6 6. Bd3 Nc6 7. O-O cxd4 8.
cxd4 Be7 9. Nc3 Qd6 10. Be3 O-O 11. a3 b6 12. Qe2 Bb7 13. Rad1 Rfd8 14. Rfe1
Rac8 15. Bb1 g6 16. Bg5 Nd5 17. Ne4 Qc7 18. h4 Bxg5 19. Nfxg5 Nf4 20. Qe3 Nd5
21. Qb3 Qe7 22. Ba2 h6 23. Nf3 Na5 24. Qd3 Nf6 25. Nc3 Bd5 26. Nxd5 Nxd5 27. h5
g5 28. Ne5 Qf6 29. Ng4 Qg7 30. Qf3 Kh8 31. Ne5 Kg8 32. Rc1 Qf8 33. b4 Rxc1 34.
Rxc1 Nb7 35. Bxd5 Rxd5 36. Rc7 Nd6 37. Nd7 Qd8 38. Nf6+ Kg7 39. Nxd5 exd5 40.
Rxa7 Qc8 41. Qg3 Qc1+ 42. Kh2 Nc4 43. Qf3 Nd6 44. Qe3 Qd1 45. Qe5+ Kh7 46. f3
Qe1 47. Qxe1 1-0

[Event "4th HD Bank Cup 2014"]
[Site "Ho Chi Minh City VIE"]
[Date "2014.03.12"]
[Round "5.24"]
[White "Vo, Thi Kim Phung"]
[Black "Fang, Yan"]
[Result "0-1"]
[WhiteTitle "WIM"]
[WhiteElo "2197"]
[BlackElo "2307"]
[WhiteFideId "12401838"]
[BlackFideId "8604746"]
[EventDate "2014.03.10"]

1. d4 d6 2. e4 g6 3. c4 Bg7 4. Nc3 e5 5. d5 f5 6. Bd3 Nf6 7. Nge2 O-O 8. O-O f4
9. f3 g5 10. g4 h5 11. h3 Rf7 12. Bd2 Bf8 13. Rf2 Rh7 14. Nc1 Be7 15. Bf1 Qf8
16. Rh2 Nbd7 17. Be1 Qh6 18. Qe2 Nf8 19. b4 Ng6 20. Nd3 Bd7 21. a4 Kf7 22. Ra2
Rah8 23. Nc1 Qf8 24. Qd1 hxg4 25. hxg4 Nh4 26. Bg2 Qc8 27. Nd3 Nxg4 28. Rxh4
Rxh4 29. fxg4 Bxg4 30. Qb3 R4h6 31. Nf2 Bh5 32. c5 g4 33. cxd6 cxd6 34. Nd3 f3
35. Bf1 Bg6 36. Nxe5+ dxe5 37. d6+ Kg7 38. dxe7 Bf7 39. Nd5 Rh1+ 40. Kf2 g3+ 41.
Ke3 g2 42. Bxg2 Rxe1+ 43. Kf2 Rxe4 44. Bxf3 Rd4 45. Ra1 Bxd5 46. Rg1+ Kf6 47.
Bxd5 Rh2+ 48. Ke3 Qh3+ 49. Bf3 Qh6+ 0-1

[Event "4th HD Bank Cup 2014"]
[Site "Ho Chi Minh City VIE"]
[Date "2014.03.12"]
[Round "5.25"]
[White "Nguyen, Hoang Nam"]
[Black "Le, Minh Hoang"]
[Result "1-0"]
[WhiteTitle "CM"]
[BlackTitle "CM"]
[WhiteElo "2281"]
[BlackElo "1931"]
[WhiteFideId "12402133"]
[BlackFideId "12404683"]
[EventDate "2014.03.10"]

1. e4 c5 2. Nc3 d6 3. f4 Nc6 4. Bb5 a6 5. Bxc6+ bxc6 6. Nf3 Nf6 7. d3 e6 8. e5
Nd7 9. exd6 Bxd6 10. Be3 O-O 11. O-O Nf6 12. Nd2 Nd5 13. Nc4 a5 14. Qd2 Be7 15.
Kh1 Nxe3 16. Qxe3 Qd4 17. Qf3 Rb8 18. Rab1 Bd8 19. Qxc6 Bb7 20. Qd6 Qxd6 21.
Nxd6 Ba6 22. b3 Be7 23. Nc4 Bxc4 24. bxc4 Bd6 25. Rb5 h6 26. g3 Ra8 27. Ne4 Be7
28. Nxc5 Bxc5 29. Rxc5 a4 30. Rb1 Ra7 31. Rcb5 Kh7 32. Rb8 Rxb8 33. Rxb8 Kg6 34.
Kg2 Kf6 35. Kf3 g5 36. d4 a3 37. c3 gxf4 38. Kxf4 Ke7 39. c5 h5 40. Ke4 Kd7 41.
c4 Kc6 42. Rb6+ Kc7 43. d5 Ra4 44. Kd3 h4 45. d6+ Kc8 46. gxh4 e5 47. c6 1-0

[Event "4th HD Bank Cup 2014"]
[Site "Ho Chi Minh City VIE"]
[Date "2014.03.12"]
[Round "5.26"]
[White "Nguyen, Anh Khoi"]
[Black "Borsos, Bogdan"]
[Result "1-0"]
[WhiteTitle "FM"]
[BlackTitle "IM"]
[WhiteElo "2147"]
[BlackElo "2271"]
[WhiteFideId "12404675"]
[BlackFideId "14100568"]
[EventDate "2014.03.10"]

1. g3 g6 2. Bg2 Bg7 3. c4 e5 4. Nc3 Ne7 5. e3 c6 6. Nge2 d5 7. cxd5 cxd5 8. d4
exd4 9. Nxd4 Nbc6 10. Nb3 O-O 11. O-O a5 12. a3 Qb6 13. Na4 Qb5 14. Nd4 Nxd4 15.
exd4 Bd7 16. Nc3 Qb6 17. Bg5 Qd6 18. Re1 Rfe8 19. Bf4 Qa6 20. Rxe7 Rxe7 21. Nxd5
Qe2 22. Nxe7+ Qxe7 23. Qd2 Bf5 24. Rc1 Re8 25. h3 h5 26. d5 Qe2 27. Qxe2 Rxe2
28. Bf3 Rxb2 29. g4 hxg4 30. hxg4 Bc2 31. d6 Ba4 32. Rc7 Bd4 33. Bg3 Rd2 34. g5
Rd3 35. Kg2 Kg7 36. Rc4 Rxf3 37. Rxa4 1-0

[Event "4th HD Bank Cup 2014"]
[Site "Ho Chi Minh City VIE"]
[Date "2014.03.12"]
[Round "5.27"]
[White "Wynn Zaw Htun"]
[Black "Pham, Bich Ngoc"]
[Result "1-0"]
[WhiteTitle "IM"]
[BlackTitle "WIM"]
[WhiteElo "2408"]
[BlackElo "2186"]
[WhiteFideId "13002783"]
[BlackFideId "12401285"]
[EventDate "2014.03.10"]

1. Nf3 Nf6 2. g3 b6 3. Bg2 Bb7 4. d3 d6 5. O-O e5 6. c4 Be7 7. Nc3 O-O 8. e4
Nbd7 9. Nh4 c6 10. Nf5 Re8 11. Nxe7+ Rxe7 12. f4 b5 13. Be3 b4 14. Na4 d5 15. b3
exf4 16. Rxf4 Ne5 17. Bc5 Rd7 18. Rf5 Qc7 19. d4 Neg4 20. Rf4 Ne3 21. Qf3 Nxg2
22. Rxf6 dxe4 23. Qxg2 gxf6 24. Qxe4 Qd8 25. Re1 Kg7 26. Qg4+ Kh8 27. Qf4 Kg7
28. Re4 Bc8 29. Qe3 f5 30. Re8 f4 31. Bf8+ Kg6 32. Qe4+ f5 33. Qxc6+ 1-0

[Event "4th HD Bank Cup 2014"]
[Site "Ho Chi Minh City VIE"]
[Date "2014.03.12"]
[Round "5.28"]
[White "Doan, Van Duc"]
[Black "Boricsev, Oleg"]
[Result "0-1"]
[BlackTitle "IM"]
[WhiteElo "2124"]
[BlackElo "2339"]
[WhiteFideId "12400335"]
[BlackFideId "720500"]
[EventDate "2014.03.10"]

1. Nf3 d5 2. g3 c5 3. Bg2 Nc6 4. d4 e6 5. O-O Nf6 6. c4 Be7 7. Nc3 O-O 8. cxd5
exd5 9. dxc5 d4 10. Na4 Bf5 11. Bg5 Be4 12. Rc1 Qd5 13. Bxf6 Bxf6 14. b3 Rad8
15. Ne1 Rfe8 16. Bxe4 Qxe4 17. Rc2 Nb4 18. Rd2 Bg5 19. Rb2 h5 20. h4 Bf6 21. Nd3
Nd5 22. f3 Qg6 23. Kh2 Ne3 24. Qe1 Bxh4 25. Rg1 Bg5 26. Qb4 Qc6 27. Qa5 h4 28.
g4 Nd5 29. Nb4 Bf4+ 30. Kh1 Nxb4 31. Qxb4 Rxe2 32. Rxe2 Qxf3+ 33. Rgg2 0-1

[Event "4th HD Bank Cup 2014"]
[Site "Ho Chi Minh City VIE"]
[Date "2014.03.12"]
[Round "5.29"]
[White "Muminova, Nafisa"]
[Black "Pham, Thi Thu Hien"]
[Result "1-0"]
[WhiteTitle "WGM"]
[WhiteElo "2322"]
[BlackElo "2158"]
[WhiteFideId "14201526"]
[BlackFideId "12402575"]
[EventDate "2014.03.10"]

1. e4 c5 2. Nf3 d6 3. d4 cxd4 4. Nxd4 Nf6 5. Nc3 a6 6. Bc4 e6 7. Bb3 Be7 8. g4
h6 9. Be3 Nc6 10. Rg1 Na5 11. Qe2 Nxb3 12. axb3 Bd7 13. f4 Nh7 14. O-O-O Rc8 15.
Nf3 b5 16. Qf2 Qc7 17. g5 hxg5 18. fxg5 O-O 19. Rd2 b4 20. Nd1 Bc6 21. Qh4 f5
22. Nf2 fxe4 23. Nd4 Bd5 24. Qh3 e5 25. g6 Nf6 26. Ne6 Qa5 27. Kb1 Rfe8 28. Rgd1
Bxe6 29. Qxe6+ Kh8 30. Nxe4 d5 31. Ng5 Bc5 32. Nf7+ Kg8 1-0

[Event "4th HD Bank Cup 2014"]
[Site "Ho Chi Minh City VIE"]
[Date "2014.03.12"]
[Round "5.30"]
[White "Tran, Ngoc Lan"]
[Black "Nguyen, Dang Hong Phuc"]
[Result "1/2-1/2"]
[WhiteElo "2244"]
[BlackElo "1870"]
[WhiteFideId "12401811"]
[BlackFideId "12402761"]
[EventDate "2014.03.10"]

1. e4 e6 2. d4 d5 3. Nc3 dxe4 4. Nxe4 Bd7 5. Nf3 Bc6 6. Bd3 Nd7 7. O-O Ngf6 8.
Ng3 Be7 9. b3 Bxf3 10. Qxf3 c6 11. Bb2 O-O 12. c4 Re8 13. Rad1 Nf8 14. Bb1 Qc7
15. Rfe1 Rad8 16. Re3 Rd7 17. Nh5 Nxh5 18. Qxh5 g6 19. Qf3 Qd8 20. Red3 Bf6 21.
b4 Bg7 22. a3 Qe7 23. g3 Red8 24. Qe2 h6 25. h4 Nh7 26. h5 g5 27. Kg2 Nf8 28.
Qe4 f5 29. Qe2 g4 30. Ba2 Kh8 31. d5 cxd5 32. cxd5 exd5 33. Qxe7 Rxe7 34. Bxg7+
Kxg7 35. Rxd5 Rxd5 36. Rxd5 Kf6 37. Kf1 Ne6 38. Bb1 Ng7 39. Bd3 Kg5 40. Kg2 Rf7
41. f4+ gxf3+ 42. Kxf3 Nxh5 43. a4 Ng7 44. a5 h5 45. b5 1/2-1/2

[Event "4th HD Bank Cup 2014"]
[Site "Ho Chi Minh City VIE"]
[Date "2014.03.12"]
[Round "5.31"]
[White "Ngo, Kim Cuong"]
[Black "Vo, Dai Hoai Duc"]
[Result "0-1"]
[WhiteElo "1995"]
[BlackElo "2187"]
[WhiteFideId "12400890"]
[BlackFideId "12400033"]
[EventDate "2014.03.10"]

1. d4 Nf6 2. Nf3 e6 3. e3 c5 4. c4 b6 5. d5 exd5 6. cxd5 d6 7. Nc3 g6 8. Bb5+
Bd7 9. Bxd7+ Nbxd7 10. O-O Bg7 11. e4 O-O 12. Bf4 Ne8 13. Bg5 f6 14. Bh4 a6 15.
Qc2 b5 16. Nd2 Nb6 17. Kh1 Qd7 18. f3 Nc7 19. Bf2 Rae8 20. a3 Rb8 21. Ne2 f5 22.
Rac1 Nc4 23. Nxc4 bxc4 24. Rb1 fxe4 25. fxe4 Nb5 26. Bg1 c3 27. Nxc3 Bxc3 28.
bxc3 Nxa3 29. Rxb8 Rxb8 30. Qf2 Nc4 31. h4 Qe7 32. Qg3 Qxe4 33. h5 Qe5 34. Qxe5
Nxe5 35. hxg6 hxg6 36. Rf6 Kg7 37. Rxd6 Rh8+ 38. Bh2 Ng4 39. Rxa6 Nxh2 40. Kg1
Ng4 41. Rc6 Ra8 42. g3 c4 43. Kg2 Rd8 44. Rc7+ Kf6 45. Kf3 Kf5 46. Rc5 Rd6 47.
Ke2 Nf6 48. Rxc4 Rxd5 49. Rf4+ Ke6 50. Ke3 Rd1 51. c4 Ra1 52. Kf2 Ra2+ 53. Kf3
g5 0-1

[Event "4th HD Bank Cup 2014"]
[Site "Ho Chi Minh City VIE"]
[Date "2014.03.12"]
[Round "5.32"]
[White "Hoang, Thi Nhu Y"]
[Black "Duong, Thuong Cong"]
[Result "1-0"]
[WhiteTitle "WIM"]
[WhiteElo "2210"]
[BlackElo "2078"]
[WhiteFideId "12401455"]
[BlackFideId "12402443"]
[EventDate "2014.03.10"]

1. d4 Nf6 2. Nf3 e6 3. Bg5 Be7 4. Nbd2 d5 5. e3 Nbd7 6. c4 c6 7. Bd3 O-O 8. O-O
Ne8 9. Bxe7 Qxe7 10. e4 dxe4 11. Nxe4 Ndf6 12. Ng3 b6 13. Re1 Bb7 14. Qc2 Rd8
15. c5 g6 16. h4 Ng7 17. Bf1 Rd5 18. Bc4 Rd7 19. b4 Rfd8 20. Rad1 Ra8 21. Bb3
Rc7 22. Qc1 Rcc8 23. Qh6 Ng4 24. Qg5 Nf6 25. h5 Rc7 26. hxg6 hxg6 27. Qh6 Qf8
28. Qh4 Nh7 29. Ne4 Nf5 30. Qh2 Re7 31. g4 Nh6 32. g5 f5 33. Nd6 Ng4 34. Qf4 Bc8
35. Nxc8 Qxc8 36. Qd6 Kf7 37. d5 cxd5 38. Bxd5 Rb8 39. Rxe6 Rxe6 40. Bxe6+ Qxe6
41. Qxb8 Nf8 42. Qb7+ Kg8 43. Qd5 bxc5 44. bxc5 1-0

[Event "4th HD Bank Cup 2014"]
[Site "Ho Chi Minh City VIE"]
[Date "2014.03.12"]
[Round "5.33"]
[White "Tran, Minh Thang"]
[Black "Ivana Maria, Furtado"]
[Result "1-0"]
[BlackTitle "WIM"]
[WhiteElo "2071"]
[BlackElo "2177"]
[WhiteFideId "12401080"]
[BlackFideId "5048400"]
[EventDate "2014.03.10"]

1. d4 d5 2. Bf4 Nf6 3. e3 c5 4. Nc3 e6 5. Nb5 Na6 6. c3 Be7 7. h3 O-O 8. Nf3 Ne4
9. Bd3 c4 10. Bxe4 dxe4 11. Nd2 Qd5 12. a4 Bd7 13. Qe2 Rfc8 14. g4 Nb8 15. Nc7
Qc6 16. Nxa8 Na6 17. Nc7 Nxc7 18. Qxc4 Qxc4 19. Nxc4 Nd5 20. Nd2 f5 21. gxf5
exf5 22. Be5 a5 23. Ke2 Nb6 24. c4 Nxa4 25. d5 b6 26. f3 Bb4 27. fxe4 Re8 28.
Bd4 fxe4 29. Rhg1 g6 30. h4 b5 31. h5 bxc4 32. hxg6 h5 33. Rg5 Be7 34. Nxe4 Bxg5
35. Nxg5 Rb8 36. Nh7 Bg4+ 37. Kf1 Bh3+ 38. Kg1 Rb4 39. Kh2 Bf5 40. Rf1 c3 41.
bxc3 Rxd4 42. cxd4 Bxg6 43. d6 Nb6 44. Nf6+ 1-0

[Event "4th HD Bank Cup 2014"]
[Site "Ho Chi Minh City VIE"]
[Date "2014.03.12"]
[Round "5.34"]
[White "Le, Thi Phuong Lien"]
[Black "Tran, Le Dan Thuy"]
[Result "0-1"]
[WhiteTitle "WFM"]
[WhiteElo "2143"]
[BlackElo "2005"]
[WhiteFideId "12400254"]
[BlackFideId "12403407"]
[EventDate "2014.03.10"]

1. e4 c5 2. Nf3 d6 3. d4 cxd4 4. Nxd4 Nf6 5. Nc3 e6 6. Be2 a6 7. a4 Qc7 8. O-O
Nc6 9. Be3 Be7 10. Kh1 Bd7 11. f4 O-O 12. Nxc6 Bxc6 13. Bf3 Qa5 14. Qe1 Qb4 15.
Rd1 Rac8 16. Bd4 Bxa4 17. e5 dxe5 18. fxe5 Nd7 19. Nxa4 Qxa4 20. Bxb7 Rxc2 21.
Bc3 Qb5 22. Bf3 Nc5 23. Rd4 Nb3 24. Rf4 Rc1 25. Bd1 Rd8 26. Be2 Rxe1 27. Bxb5
Rxf1+ 28. Bxf1 Rd1 29. g3 g5 30. Rf3 a5 31. Kg2 Bc5 32. Rd3 Rc1 33. g4 Rc2+ 34.
Kg3 Bf2+ 35. Kh3 Bg1 36. Bg2 a4 37. Rd8+ Kg7 38. Bb4 Nc5 39. Rc8 Rxb2 40. Bxc5
Bxc5 41. Rxc5 Rb3+ 42. Bf3 Rxf3+ 43. Kg2 Rd3 44. Ra5 a3 45. h3 Kg6 46. Ra8 Kg7
47. Kh2 Re3 48. Kg2 Rxe5 49. Rxa3 f5 50. gxf5 exf5 51. Ra7+ Kg6 52. Ra6+ Kh5 53.
Kf3 Rb5 54. Ra7 h6 55. Ra6 g4+ 56. hxg4+ fxg4+ 57. Kf4 Rb4+ 58. Kg3 Rb3+ 59. Kg2
Kg5 60. Ra5+ Kh4 61. Ra2 Rb5 62. Rc2 h5 63. Ra2 Kg5 64. Rc2 h4 65. Ra2 h3+ 66.
Kg3 Rb3+ 67. Kh2 Kf4 68. Ra4+ Kf3 69. Ra2 Re3 70. Ra7 Kf2 71. Ra2+ Re2 72. Ra3
Re3 73. Ra2+ Kf3 74. Ra7 Re2+ 75. Kg1 Re1+ 76. Kh2 g3+ 77. Kxh3 Rh1# 0-1

[Event "4th HD Bank Cup 2014"]
[Site "Ho Chi Minh City VIE"]
[Date "2014.03.12"]
[Round "5.35"]
[White "Nguyen, Truong Bao Tran"]
[Black "Nguyen, Sy Hung"]
[Result "0-1"]
[WhiteElo "1889"]
[BlackElo "2131"]
[WhiteFideId "12402311"]
[BlackFideId "12401374"]
[EventDate "2014.03.10"]

1. c4 g6 2. d4 Bg7 3. e3 Nf6 4. Nc3 O-O 5. Nf3 d6 6. Be2 Nbd7 7. O-O e5 8. b3
Re8 9. Bb2 e4 10. Nd2 Nf8 11. Qc2 Bf5 12. Rac1 c6 13. b4 h5 14. c5 d5 15. b5 h4
16. bxc6 bxc6 17. Qa4 Bd7 18. Nb3 N6h7 19. Na5 Qg5 20. Rfe1 Ne6 21. Rb1 Reb8 22.
Ba3 Nd8 23. Rb4 Rxb4 24. Qxb4 Bh8 25. g3 hxg3 26. hxg3 Qf5 27. Qb1 Ng5 28. f4
exf3 29. Qxf5 Bxf5 30. Bf1 Rc8 31. Rd1 Rc7 32. Bd3 Bxd3 33. Rxd3 Nb7 34. Nb3 f5
35. Kf2 Bf6 36. Bb4 Rh7 37. Rd2 Ne4+ 38. Kxf3 a5 39. Rb2 axb4 40. Ne2 Rh2 0-1

[Event "4th HD Bank Cup 2014"]
[Site "Ho Chi Minh City VIE"]
[Date "2014.03.12"]
[Round "5.36"]
[White "Tran, Quang Khai"]
[Black "Tran, Thi Mong Thu"]
[Result "0-1"]
[WhiteElo "2091"]
[BlackElo "1909"]
[WhiteFideId "12402591"]
[BlackFideId "12403415"]
[EventDate "2014.03.10"]

1. d4 d5 2. c4 c6 3. Nf3 Nf6 4. Qc2 e6 5. Nc3 Be7 6. e3 O-O 7. Rg1 Nbd7 8. g4 b6
9. g5 Ne8 10. h4 g6 11. h5 Ng7 12. hxg6 fxg6 13. Be2 Bb7 14. cxd5 cxd5 15. Nh4
Nf5 16. Nxf5 Rxf5 17. f4 Nf8 18. Bg4 Rf7 19. Qh2 Qc7 20. Qh3 Qd7 21. Bd2 Bd6 22.
O-O-O b5 23. Kb1 b4 24. Ne2 a5 25. Nc1 Ba6 26. Rge1 a4 27. e4 dxe4 28. Rxe4 Bc4
29. Nd3 b3 30. a3 Qc6 31. Ree1 Re8 32. Ne5 Bxe5 33. Rxe5 Bd5 34. Rc1 Qb7 35.
Rce1 Qc6 36. Bc3 Rxf4 37. Qg3 Rf7 38. Qe3 Nd7 39. Rxd5 Qxd5 40. Bxe6 Rxe6 41.
Qxe6 Qxe6 42. Rxe6 Rf1+ 43. Re1 Rxe1+ 44. Bxe1 Kf7 45. Kc1 Ke6 46. Kd2 Kd5 47.
Kc3 Nb6 48. Kb4 Nc8 49. Bc3 Nd6 50. Kxa4 Kc4 51. d5 Ne4 52. Bf6 Kxd5 53. Bd8 Kc4
54. Ka5 Nc5 55. Bf6 Nd7 56. a4 h5 57. gxh6 Nxf6 58. Kb6 g5 59. a5 g4 60. a6 g3
61. a7 g2 62. a8=Q g1=Q+ 63. Kc7 Qc5+ 64. Qc6 Qxc6+ 0-1

[Event "4th HD Bank Cup 2014"]
[Site "Ho Chi Minh City VIE"]
[Date "2014.03.12"]
[Round "5.37"]
[White "Ngo, Thi Kim Tuyen"]
[Black "Frost, Peter"]
[Result "1-0"]
[WhiteElo "2083"]
[BlackElo "1781"]
[WhiteFideId "12400505"]
[BlackFideId "3204634"]
[EventDate "2014.03.10"]

1. d4 Nf6 2. c4 g6 3. Nf3 Bg7 4. g3 O-O 5. Bg2 d6 6. O-O Nc6 7. Nc3 a6 8. e4 Bg4
9. Be3 Bxf3 10. Qxf3 Nd7 11. Rfd1 e5 12. dxe5 Ndxe5 13. Qe2 Qc8 14. c5 Qe6 15.
cxd6 cxd6 16. Nd5 Rac8 17. Nf4 Qe7 18. Bh3 Rce8 19. Nd5 Qd8 20. Bb6 Qa8 21. f4
f5 22. Nc7 Qd8 23. fxe5 Rxe5 24. Qc4+ Kh8 25. exf5 gxf5 26. Kh1 Re4 27. Qf1 Qf6
28. Rab1 Ne5 29. Rd4 Rxd4 30. Bxd4 Qf7 31. Rc1 Rc8 32. Bb6 Rf8 33. b3 Nd7 34.
Be3 Ne5 35. Bg2 Ng4 36. Bg1 Be5 37. Nd5 b5 38. Nf4 Nf6 39. Qd3 Nd7 40. Bd5 Bxf4
41. Bxf7 Rxf7 42. gxf4 1-0

[Event "4th HD Bank Cup 2014"]
[Site "Ho Chi Minh City VIE"]
[Date "2014.03.12"]
[Round "5.38"]
[White "Luu, Duc Hai"]
[Black "Doan, Thi Van Anh"]
[Result "1-0"]
[BlackTitle "WFM"]
[WhiteElo "1913"]
[BlackElo "1994"]
[WhiteFideId "12412228"]
[BlackFideId "12400491"]
[EventDate "2014.03.10"]

1. d4 Nf6 2. c4 e6 3. Nf3 b6 4. g3 Bb7 5. Bg2 c5 6. e3 cxd4 7. exd4 d5 8. Ne5
Nbd7 9. O-O Bd6 10. Re1 Qc7 11. Nc3 O-O 12. Nb5 Qb8 13. Bf4 Bxe5 14. dxe5 Ne8
15. cxd5 Nc7 16. Nxc7 Qxc7 17. Rc1 Qd8 18. dxe6 Bxg2 19. exf7+ Rxf7 20. Kxg2 Nc5
21. e6 Rf5 22. e7 Qe8 23. b4 Nd7 24. Qb3+ Kh8 25. Qe6 Rf6 26. Qd5 Rf7 27. Qxa8
Qxa8+ 28. Kg1 Qe8 29. Rc8 Qxc8 30. e8=Q+ Qxe8 31. Rxe8+ Nf8 32. Bd6 Kg8 33. f4
g6 34. Kf2 Kg7 35. Bxf8+ Rxf8 36. Rxf8 Kxf8 37. b5 Ke7 38. Ke3 h5 39. h3 Ke6 40.
Ke4 Kd6 41. Kd4 Ke6 42. g4 Kf6 43. Kd5 1-0

[Event "4th HD Bank Cup 2014"]
[Site "Ho Chi Minh City VIE"]
[Date "2014.03.12"]
[Round "5.39"]
[White "Wolfaardt, Francois"]
[Black "Pham, Hoang Nhat Anh"]
[Result "1-0"]
[WhiteElo "1785"]
[BlackElo "1513"]
[WhiteFideId "14302578"]
[BlackFideId "12403148"]
[EventDate "2014.03.10"]

1. b3 d5 2. Bb2 c5 3. e3 Nc6 4. Bb5 Bd7 5. Nf3 e6 6. O-O Bd6 7. Bxg7 Ke7 8. Bxh8
f6 9. Nh4 Qf8 10. Bd3 Nh6 11. Bxh7 Be8 12. Bg6 Qxh8 13. Bxe8 Qxe8 14. Qf3 Qf7
15. Qd1 Qe8 16. Nc3 Qf7 17. f4 Rg8 18. Nb5 Bb8 19. c4 a6 20. cxd5 exd5 21. Nc3
Rg4 22. Nf5+ Nxf5 23. Qxg4 Nh6 24. Qh3 Ng8 25. Na4 Bd6 26. Qc8 Nd8 27. Nxc5 Bxc5
28. Qxc5+ Ke8 29. Rfe1 Nc6 30. e4 d4 31. e5 fxe5 32. Rxe5+ Nxe5 33. Qc8+ Ke7 34.
fxe5 Qd5 35. e6 Nf6 36. Rc1 Qd8 37. Rc7+ Ke8 38. Qxd8+ Kxd8 39. Rxb7 1-0

[Event "4th HD Bank Cup 2014"]
[Site "Ho Chi Minh City VIE"]
[Date "2014.03.13"]
[Round "6.2"]
[White "Zhang, Zhong"]
[Black "Nguyen, Duc Hoa"]
[Result "1/2-1/2"]
[WhiteTitle "GM"]
[BlackTitle "IM"]
[WhiteElo "2600"]
[BlackElo "2496"]
[WhiteFideId "8600694"]
[BlackFideId "12401358"]
[EventDate "2014.03.10"]

1. c4 e6 2. Nf3 Nf6 3. g3 d5 4. Bg2 Be7 5. O-O O-O 6. d4 dxc4 7. Qc2 a6 8. a4
Bd7 9. Rd1 Bc6 10. Nc3 Bxf3 11. Bxf3 Nc6 12. Bxc6 bxc6 13. a5 Nd5 14. Na4 Qb8
15. Qxc4 Qb5 16. b3 Rfb8 17. Bd2 Qxb3 18. Rdc1 Qb5 19. e3 h5 20. h4 c5 21. Nxc5
Bxc5 22. Qxc5 Qe2 23. Qc2 Rb5 24. Re1 Qf3 25. e4 Nf6 26. Re3 Qg4 27. Kg2 Rd8 28.
Qxc7 Rxd4 29. Bc3 Rd1 30. Rxd1 Qxd1 31. Qc8+ Kh7 32. Qxa6 Qa4 33. Qa8 Ng4 34.
Rf3 Qc4 35. Qd8 Qxe4 36. Qd3 Qxd3 37. Rxd3 Rb3 38. Rf3 Ra3 39. Bb4 Ra4 40. Rb3
e5 41. Rb2 e4 42. Bd2 Ne5 43. Bc3 Nf3 44. Kf1 Ra3 45. Rc2 f5 46. Ke2 g5 47. hxg5
Kg6 48. Kd1 f4 49. Kc1 e3 50. Kb2 fxg3 51. fxg3 Ra4 52. Kb3 Re4 53. a6 Re7 54.
Ra2 Ra7 55. Kc4 e2 56. Kb5 e1=Q 57. Bxe1 Nxe1 58. Kb6 Ra8 59. Kb7 Rg8 60. a7
Kxg5 61. Re2 Nd3 62. a8=Q Rxa8 63. Kxa8 Kg4 64. Re4+ Kxg3 65. Re3+ Kg2 66. Rxd3
h4 1/2-1/2

[Event "4th HD Bank Cup 2014"]
[Site "Ho Chi Minh City VIE"]
[Date "2014.03.13"]
[Round "6.4"]
[White "Diu, Viacheslav"]
[Black "Dimakiling, Oliver"]
[Result "1-0"]
[WhiteTitle "IM"]
[BlackTitle "IM"]
[WhiteElo "2474"]
[BlackElo "2364"]
[WhiteFideId "4167465"]
[BlackFideId "5202248"]
[EventDate "2014.03.10"]

1. e4 e5 2. Nf3 Nc6 3. Bb5 Nf6 4. O-O Be7 5. Nc3 d6 6. d4 Bd7 7. Re1 O-O 8. Bxc6
Bxc6 9. dxe5 dxe5 10. Qxd8 Raxd8 11. Nxe5 Bxe4 12. Nxe4 Nxe4 13. Nd3 f5 14. f3
Bc5+ 15. Nxc5 Nxc5 16. Bg5 Rd5 17. Be7 Re8 18. c4 Kf7 19. cxd5 Rxe7 20. Rxe7+
Kxe7 21. Kf2 Kd6 22. Ke3 Kxd5 23. Kf4 Nd3+ 24. Kxf5 c5 25. Rd1 c4 26. a4 Kd4 27.
Rd2 b6 28. Ke6 a6 29. Kf7 b5 30. axb5 axb5 31. Kxg7 b4 32. f4 c3 33. bxc3+ Kxc3
34. Rd1 Nxf4 35. g4 h5 36. g5 b3 37. g6 Kc2 38. Rf1 b2 39. Kf7 Nxg6 40. Kxg6 h4
41. Kg5 h3 42. Kg4 b1=Q 43. Rxb1 Kxb1 44. Kxh3 Kc2 45. Kg4 Kd3 46. Kf5 Kd4 47.
h4 Kd5 48. h5 1-0

[Event "4th HD Bank Cup 2014"]
[Site "Ho Chi Minh City VIE"]
[Date "2014.03.13"]
[Round "6.5"]
[White "Vo, Thanh Ninh"]
[Black "Lu, Shanglei"]
[Result "0-1"]
[BlackTitle "GM"]
[WhiteElo "2299"]
[BlackElo "2558"]
[WhiteFideId "12402141"]
[BlackFideId "8603332"]
[EventDate "2014.03.10"]

1. c4 e6 2. g3 d5 3. Bg2 Nf6 4. Nf3 Nbd7 5. d4 g6 6. O-O Bg7 7. cxd5 exd5 8. Nc3
O-O 9. Bf4 c6 10. Ne5 Re8 11. Nxd7 Bxd7 12. Be5 Bh6 13. Bxf6 Qxf6 14. e4 dxe4
15. Nxe4 Qe7 16. Nc5 Bf5 17. Re1 Qc7 18. Qb3 b6 19. Na6 Qd6 20. Qa3 Rxe1+ 21.
Rxe1 Qxd4 22. Nb4 Qd2 23. Qc3 Qxc3 24. bxc3 Bd2 25. Re2 Bxc3 26. Nxc6 Kf8 27.
Nd4 Rd8 28. Nxf5 gxf5 29. f4 Rd1+ 30. Bf1 b5 31. Rc2 b4 32. Kf2 a5 33. Bb5 Ke7
34. Ke2 Rd4 35. Bd3 Ke6 36. Ke3 Rd7 37. Re2 a4 38. Kf3+ Kf6 39. Bb5 Ra7 40. Rc2
Ra5 41. Bc4 Rc5 42. Bd3 a3 43. Ke2 Rc6 44. Rc1 b3 45. Bb1 b2 46. Rd1 Bb4 47. Kd3
Rc1 48. Ke2 Bc5 49. Kd2 h5 50. Rxc1 Be3+ 0-1

[Event "4th HD Bank Cup 2014"]
[Site "Ho Chi Minh City VIE"]
[Date "2014.03.13"]
[Round "6.6"]
[White "Gomez, John Paul"]
[Black "Nguyen, Van Hai"]
[Result "1-0"]
[WhiteTitle "GM"]
[BlackTitle "IM"]
[WhiteElo "2534"]
[BlackElo "2341"]
[WhiteFideId "5201381"]
[BlackFideId "12400122"]
[EventDate "2014.03.10"]

1. e4 e6 2. d4 d5 3. Nd2 Nf6 4. e5 Nfd7 5. c3 c5 6. f4 Nc6 7. Ndf3 Qb6 8. a3 c4
9. g4 h5 10. gxh5 Rxh5 11. Ne2 f5 12. exf6 Nxf6 13. Ng3 Rh8 14. Bg2 Bd7 15. Ne5
Bd6 16. Qe2 Ne7 17. O-O Qc7 18. Bd2 g6 19. Rae1 Bxe5 20. fxe5 Nh5 21. Bg5 Nf5
22. Nxf5 gxf5 23. Bf3 Ng7 24. Rf2 Kf7 25. Rg2 Rag8 26. Bf6 Rh7 27. Kh1 Kf8 28.
Reg1 Be8 29. Rg5 Bf7 30. Qg2 Be8 31. Qg3 Qf7 32. Rg2 Ba4 33. Kg1 Bb3 34. h4 Ba2
35. h5 f4 36. Qg4 Bb1 37. h6 1-0

[Event "4th HD Bank Cup 2014"]
[Site "Ho Chi Minh City VIE"]
[Date "2014.03.13"]
[Round "6.7"]
[White "Nguyen, Anh Dung"]
[Black "Pham, Chuong"]
[Result "1/2-1/2"]
[WhiteTitle "GM"]
[BlackTitle "FM"]
[WhiteElo "2469"]
[BlackElo "2353"]
[WhiteFideId "12400025"]
[BlackFideId "12401218"]
[EventDate "2014.03.10"]

1. d4 d5 2. c4 e6 3. Nc3 Be7 4. Bf4 Nf6 5. e3 O-O 6. Nf3 c5 7. dxc5 Bxc5 8. cxd5
Nxd5 9. Nxd5 exd5 10. a3 Nc6 11. Rc1 Be7 12. Bd3 Bf6 13. O-O Bg4 14. b4 Rc8 15.
h3 Be6 16. Qd2 Ne7 17. Nd4 Ng6 18. Nxe6 fxe6 19. Rxc8 Qxc8 20. Rc1 Qd8 21. Bg3
Bh4 22. Bxg6 hxg6 23. Bxh4 Qxh4 24. Rc7 Rf7 25. Rc8+ Kh7 26. f4 Qf6 27. Qd3 e5
28. Qxd5 exf4 29. Qd8 Qxd8 30. Rxd8 fxe3 31. Re8 g5 1/2-1/2